Pays qui battent la Finlande - Statistiques

Statistiques générales
  • Ce quiz a été pris 159 fois
    131 depuis la dernière actualisation
  • Le résultat moyen est 12 sur 18
Statistiques - réponses
Rang Catégorie Réponses possibles % Correct
8 Plus grand nombre total de médailles remportées au J.O. d'hiver Norvège | États-Unis | Allemagne | Autriche | Canada | URSS | Suède
96%
6 Plus grand pays entièrement en Europe Ukraine | France | Espagne | Suède | Allemagne
95%
5 Température moyenne annuelle la plus faible Canada | Russie | Islande | Norvège
94%
7 Plus grand producteur de papier Chine | États-Unis | Japon | Allemagne | Corée du Sud | Brésil
89%
5 Plus grande liberté de la presse Norvège | Danemark | Suède | Estonie
88%
5 Pays le plus septentrional Canada | Russie | Norvège | États-Unis
84%
4 Le moins densément peuplé d'Europe Islande | Russie | Norvège
83%
6 Drapeau avec le plus de blanc Chypre | Japon | Corée du Sud | Géorgie | Israël
80%
6 Plus faible taux de mortalité infantile Slovénie | Singapour | Islande | Monaco | Japon
75%
5 Pays européen avec le plus de langues officielles ou "de facto" Suisse | Belgique | Bosnie-Herzégovine | Luxembourg
75%
3 Le plus démocratique Norvège | Nouvelle-Zélande
72%
3 Premier pays envahi par l'URSS Chine | Pologne
68%
2 Pays commençant par "F" le plus proche du début de l'alphabet Fidji
65%
3 Pays avec le plus d'îles Suède | Norvège
65%
2 Capitale la plus septentrionale Islande
44%
3 Plus grande consommation d'énergie par habitant en Europe Islande | Luxembourg
39%
2 (ex-æquo) Passeport permettant de visiter le plus de pays sans visa Émirats arabes unis
9%
3 Pays d'origine du plus grand nombre de Suédois nés à l'étranger Syrie | Irak
6%
Aucun quiz correspondant
Distribution des résultats
% des personnes avec chaque résultat
Percentile par nombre de réponses
Votre historique - résultats
Vous n’avez pas pris ce quiz depuis la dernière actualisation